000 00496nam a2200181Ia 4500
999 _c12703
_d12703
003 OSt
005 20201022111459.0
008 190216s9999||||xx |||||||||||||| ||und||
020 _a01400236658
040 _coclc
082 _a824.91
_bFOR/A
100 _aForster, E M
_95772
245 0 _aAbinger Harvest /
_cE M Forster
260 _bPenguin Books,
_c1967.
_aAustralia:
300 _a384p
650 _aEnglish Essay
942 _cBK
_2ddc
_h824.91
_iFOR/A
_k824.91
_mFOR/A